000
00359nam a2200133Ia 4500
008
230411s9999 xx 000 0 und d
041
_a
eng
082
_a
X/294/PAT/B08635
100
_a
Patel Kamlesh
_9
179951
245
_a
Designing Destiny
260
_b
Spiritual Hierarchy Publication Trust
_a
Chennai
_c
2014
300
_a
191p
999
_c
158247
_d
158247